00411nam a2200157Ia 4500008004100000020001800041082001600059100001900075245007300094250001600167260001600183300000700199650001600206942001200222999001900234240825s9999 xx 000 0 und d a9789355270641 a515.42bFIS aFisher, Irving 2aA Brief Introduction to The infinitesimal Calculasc/ Fisher, Irving a1st edition bMavenc2022 a88 aMathematics cENGLISH c551479d551479